• 首页
  • 本馆介绍
  • 公告通知
  • 最新文献
  • 馆藏检索
  • 电子资源
  • 读者导购
  • 参考咨询
  • 我的图书馆
  • 登录
  • 详细信息显示
  • 放入我的书架
  • 预约/预借图书
  • 作者相关作品
  • 分类相关作品
  • 丛书相关作品
  • 出版社相关作品

书目信息

  • 表格格式
  • 工作单格式
  • 卡片格式
题名:
冰川的故事
    
 
作者: 费金深 编著
分册:  
出版信息: 北京   科学普及出版社  1979
页数: 116页
开本: 19cm
丛书名:
单 册:
中图分类: P931.4-49
科图分类:
主题词: 冰川--普及读物
电子资源:
ISBN:
000 00567nam0 2200217 45
001 0179000829
005 20060810090204.07
010    @dCNY0.32
091    @a13051.1007
100    @a19950726d1979 em y0chiy0121 ea
101 0  @achi
102    @aCN@b110000
105    @ay z 000yy
200 10 @a冰川的故事@Abing chuan de gu shi@f费金深编著
210    @a北京@c科学普及出版社@d1979
215    @a116页@d19cm
606    @a冰川@x普及读物
690    @aP931.4-49@v3
701  0 @a费金深@Afei jin shen@4编著
801  0 @aCN@bTSSF@c20060810
905    @a10447@dP931.4-49@e97
    
    冰川的故事/费金深编著.-北京:科学普及出版社,1979
    116页;19cm
    
    
    ISBN :CNY0.32
    
●
相关链接 在E读中查询图书 在五车中查询图书 在当当中查询图书 在豆瓣中查询图书


正题名:冰川的故事     索取号:P931.4-49/97         预约/预借

序号 登录号 条形码 馆藏地/架位号 状态 备注
1 0439514   204395145   密集书库/ [索取号:P931.4-49/97] 在馆    
2 0439515   204395154   密集书库/ [索取号:P931.4-49/97] 在馆    
3 0439516   204395163   密集书库/ [索取号:P931.4-49/97] 在馆    
4 0452072   204520722   密集书库/ [索取号:P931.4-49/97] 在馆    
5 0452073   204520731   密集书库/ [索取号:P931.4-49/97] 在馆    
唐山师范学院图书馆 欢迎您!
大连网信软件有限公司© 版权所有